| 000 | 00344nam a2200121Ia 4500 | ||
|---|---|---|---|
| 008 | 210430s9999 xx 000 0 und d | ||
| 082 | _a620.11 A834 E | ||
| 100 | _aDonald R.Askeland | ||
| 245 |
_aEssentials of Materials Science and engineering _cDonald R.Askeland |
||
| 260 |
_aAustralia _bThomson _c2007 |
||
| 300 | _a588p. | ||
| 942 |
_cBK _2ddc |
||
| 999 |
_c564377 _d564377 |
||